Les pilotes F1 de 2023 - Statistiques

Statistiques générales
  • Ce quiz a été pris 110 fois
  • Le résultat moyen est 18 sur 22
Statistiques - réponses
Indice réponse % Correct
PIERRE Gasly
98%
WDC Verstappen
96%
Le GOAT Hamilton
94%
Il a pas les pneus Leclerc
94%
Pénalité Ocon
92%
MEXICOOOO Perez
92%
Lui non plus Sainz
91%
IT'S FRIDAY THENNN Norris
87%
Personnalité Tik Tok de l'année Alonso
84%
Thaïlande Albon
82%
Chinois Zhou
82%
HE JUST TURNED INTO ME !!! Russel
81%
Fils à papa Stroll
81%
Vener dans la voiture Tsunoda
80%
Rookie Piastri
78%
NSFW Bottas
73%
Sourir Ricciardo
73%
Père de famille Hulkenberg
70%
Père de famille aussi Magnussen
69%
WTF is a kilometer ?? Sargeant
67%
Il méritais mieux De Vries
51%
On l'a vu 2 GP Lawson
42%
Aucun quiz correspondant
Distribution des résultats
% des personnes avec chaque résultat
Percentile par nombre de réponses
Votre historique - résultats
Vous n’avez pas pris ce quiz